000
00333 a2200157 4500
001
159394
020
_a
040
_c
Magnum
100
_a
Ximenes, Sergio
240
1
0
_a
Minidicionario ediouro
_l
por
245
1
0
_a
Minidicionario ediouro
362
0
_a
1899
440
1
_a
Ediouro
697
_a
MAGNITO: DICIONARIOS
942
_c
BK
999
_c
159394
_d
159394